[Event "Bad Soden U18 op 5th"]
[Site "Bad Soden"]
[Date "2018.09.30"]
[Round "2.3"]
[White "Deppe, Leo Max"]
[Black "Vakulenko, Aleksandr"]
[Result "1/2-1/2"]
[WhiteElo "1895"]
[BlackElo "1999"]
[PlyCount "62"]
[EventDate "2018.09.30"]
[EventType "swiss"]
[EventRounds "9"]
[EventCountry "GER"]
[SourceTitle "EXT 2020"]
[Source "ChessBase"]
[SourceDate "2019.10.17"]
[SourceVersion "1"]
[SourceVersionDate "2019.10.17"]
[SourceQuality "1"]

1. d4 Nf6 2. c4 e6 3. Nc3 Bb4 4. e3 b6 5. Nge2 Bb7 6. a3 Be7 7. b4 0-0 8. Nf4 d6 9. Bd3 c5 10. 0-0 Nbd7 11. Bb2 Rc8 12. Re1 e5 13. Nfd5 Re8 14. dxc5 dxc5 15. Bf5 Rc6 16. Qf3 Nxd5 17. Nxd5 Bf8 18. Qh3 Rh6 19. Qf3 Ba8 20. e4 Bxd5 21. exd5 cxb4 22. axb4 Bxb4 23. Re4 a5 24. Bxd7 Qxd7 25. Rxe5 Rxe5 26. Bxe5 Bd6 27. Bxd6 Qxd6 28. g3 Rf6 29. Qe3 g6 30. Re1 Qb4 31. Qe5 Qd6 1/2-1/2

[Event "Rhein Main op-A 21st"]
[Site "Bad Homburg"]
[Date "2018.05.31"]
[Round "2"]
[White "Deppe, Leo Max"]
[Black "Lenz, Jonas"]
[Result "0-1"]
[WhiteElo "1812"]
[BlackElo "2048"]
[PlyCount "78"]
[EventDate "2018.05.30"]
[EventType "swiss"]
[EventRounds "7"]
[EventCountry "GER"]
[SourceTitle "EXT 2019"]
[Source "ChessBase"]
[SourceDate "2018.10.10"]
[SourceVersion "1"]
[SourceVersionDate "2018.10.10"]
[SourceQuality "1"]

1. e4 c5 2. Nf3 e6 3. g3 Nc6 4. Bg2 g6 5. 0-0 Bg7 6. c3 e5 7. d3 Nge7 8. Be3 d6 9. d4 cxd4 10. cxd4 0-0 11. d5 Nb8 12. Nc3 b6 13. a4 h6 14. Nd2 f5 15. f4 fxe4 16. Ndxe4 Nf5 17. Bc1 Ba6 18. Re1 Nd7 19. b4 exf4 20. Bxf4 Ne5 21. b5 Bb7 22. Ra2 Rc8 23. Rc2 g5 24. Bc1 Nd4 25. Rf2 Rxf2 26. Kxf2 Qf8+ 27. Kg1 Nef3+ 28. Bxf3 Nxf3+ 29. Kg2 Nxe1+ 30. Qxe1 Qe7 31. Qd2 Rc4 32. Qd3 Rd4 33. Qf3 Bxd5 34. Nxd5 Qxe4 35. Qxe4 Rxe4 36. Ba3 Rxa4 37. Bxd6 Rd4 38. Ne7+ Kf7 39. Ba3 Bf8 0-1

[Event "Rhein Main op-A 21st"]
[Site "Bad Homburg"]
[Date "2018.05.31"]
[Round "3"]
[White "Dios, Erwin Michael"]
[Black "Deppe, Leo Max"]
[Result "1/2-1/2"]
[WhiteElo "2000"]
[BlackElo "1812"]
[PlyCount "37"]
[EventDate "2018.05.30"]
[EventType "swiss"]
[EventRounds "7"]
[EventCountry "GER"]
[SourceTitle "EXT 2019"]
[Source "ChessBase"]
[SourceDate "2018.10.10"]
[SourceVersion "1"]
[SourceVersionDate "2018.10.10"]
[SourceQuality "1"]

1. g3 d5 2. Bg2 Nf6 3. Nf3 Bf5 4. 0-0 e6 5. c4 c6 6. Qb3 b6 7. d3 Bd6 8. Bg5 h6 9. Bxf6 Qxf6 10. Nbd2 0-0 11. e4 dxe4 12. Nxe4 Bxe4 13. dxe4 Nd7 14. Rad1 Nc5 15. Qe3 e5 16. b4 Nb7 17. a3 Rfd8 18. Nd2 Be7 19. f4 1/2-1/2

[Event "Eschborn op"]
[Site "Eschborn"]
[Date "2017.10.15"]
[Round "5"]
[White "Deppe, Leo Max"]
[Black "Haack, Kevin"]
[Result "1/2-1/2"]
[WhiteElo "1800"]
[BlackElo "1562"]
[PlyCount "123"]
[EventDate "2017.10.13"]
[EventType "swiss"]
[EventRounds "5"]
[EventCountry "GER"]
[SourceTitle "EXT 2019"]
[Source "ChessBase"]
[SourceDate "2018.10.10"]
[SourceVersion "1"]
[SourceVersionDate "2018.10.10"]
[SourceQuality "1"]

1. d4 d5 2. c4 e6 3. Nc3 Nf6 4. Bg5 Nbd7 5. e3 c6 6. cxd5 exd5 7. Bd3 Be7 8. Nf3 h6 9. Bh4 Ne4 10. Bxe7 Qxe7 11. 0-0 0-0 12. Re1 Ndf6 13. Ne5 Bf5 14. Qc2 Bh7 15. Ne2 Nd7 16. Nf3 c5 17. Nd2 f5 18. f3 Nef6 19. Nc3 c4 20. Bxf5 Bxf5 21. Qxf5 Nb6 22. a4 Qb4 23. Ra2 Rae8 24. Qc2 Nh5 25. a5 Nd7 26. Nxd5 Qd6 27. Qxc4 Kh8 28. e4 Qg6 29. e5 Ndf6 30. Nxf6 Rxf6 31. Re4 Rc6 32. Qf1 Qg5 33. f4 Qg6 34. f5 Qg5 35. Nf3 Qxf5 36. Qe1 Rc2 37. Qe3 Rec8 38. Ne1 Rc1 39. Ra3 Nf4 40. Rxf4 Rxe1+ 41. Qxe1 Qxf4 42. Rc3 Qxd4+ 43. Qe3 Qd1+ 44. Kf2 Rf8+ 45. Kg3 Qb1 46. Qe2 Qf5 47. Rc4 Re8 48. Re4 g5 49. Qg4 Rxe5 50. Qxf5 Rxf5 51. b4 Rb5 52. Kg4 Kg7 53. Kh5 a6 54. Rc4 b6 55. axb6 Rxb6 56. h4 gxh4 57. Kxh4 Kg6 58. Kg4 Rd6 59. Kf4 Re6 60. g4 Kf6 61. Rd4 Rc6 62. Re4 1/2-1/2

[Event "Bad Soden U18 op"]
[Site "Bad Soden"]
[Date "2017.10.03"]
[Round "8"]
[White "Deppe, Leo Max"]
[Black "Arnold, Jan"]
[Result "1-0"]
[WhiteElo "1846"]
[BlackElo "1441"]
[PlyCount "55"]
[EventDate "2017.09.30"]
[EventType "swiss"]
[EventRounds "9"]
[EventCountry "GER"]
[SourceTitle "EXT 2018"]
[Source "ChessBase"]
[SourceDate "2017.10.13"]
[SourceVersion "1"]
[SourceVersionDate "2017.10.13"]
[SourceQuality "1"]

1. d4 d5 2. c4 e6 3. Nc3 Nf6 4. Bg5 c6 5. cxd5 cxd5 6. e3 Nbd7 7. Bd3 h6 8. Bh4 Bd6 9. Nge2 0-0 10. 0-0 a6 11. f4 Qe8 12. Ng3 Nh7 13. f5 Bxg3 14. Bxg3 exf5 15. Nxd5 Qd8 16. Bd6 Ndf6 17. Nxf6+ Nxf6 18. Bxf8 Qxf8 19. Bxf5 Bxf5 20. Rxf5 Qe7 21. Qf3 Re8 22. Re5 Qb4 23. Rxe8+ Nxe8 24. b3 Qc3 25. Rf1 Nd6 26. Qf4 Qc7 27. e4 Qe7 28. e5 1-0

[Event "Bad Soden U18 op"]
[Site "Bad Soden"]
[Date "2017.10.03"]
[Round "9"]
[White "Gossen, Veronika"]
[Black "Deppe, Leo Max"]
[Result "0-1"]
[WhiteElo "953"]
[BlackElo "1846"]
[PlyCount "58"]
[EventDate "2017.09.30"]
[EventType "swiss"]
[EventRounds "9"]
[EventCountry "GER"]
[SourceTitle "EXT 2018"]
[Source "ChessBase"]
[SourceDate "2017.10.13"]
[SourceVersion "1"]
[SourceVersionDate "2017.10.13"]
[SourceQuality "1"]

1. d4 Nf6 2. Nc3 d5 3. Nf3 Bf5 4. Ne5 e6 5. Bg5 Be7 6. e3 0-0 7. Bd3 Bxd3 8. cxd3 Nbd7 9. e4 h6 10. Bh4 c6 11. f4 Re8 12. 0-0 Qb6 13. Bf2 Qxb2 14. Na4 Qa3 15. Rb1 b5 16. Nb2 Rac8 17. g4 Nxe5 18. dxe5 Nh7 19. f5 dxe4 20. f6 gxf6 21. Qd2 Ng5 22. Qf4 Nh3+ 23. Kh1 Nxf4 24. Bh4 fxe5 25. Bg3 exd3 26. Bxf4 exf4 27. Rxf4 Qxa2 28. Rbf1 Qxb2 29. Rxf7 Bd6 0-1

[Event "Bad Soden U18 op"]
[Site "Bad Soden"]
[Date "2017.10.01"]
[Round "4"]
[White "Deppe, Leo Max"]
[Black "Bajorski, Marius"]
[Result "1/2-1/2"]
[WhiteElo "1846"]
[BlackElo "1843"]
[PlyCount "43"]
[EventDate "2017.09.30"]
[EventType "swiss"]
[EventRounds "9"]
[EventCountry "GER"]
[SourceTitle "EXT 2018"]
[Source "ChessBase"]
[SourceDate "2017.10.13"]
[SourceVersion "1"]
[SourceVersionDate "2017.10.13"]
[SourceQuality "1"]

1. e4 e6 2. d4 d5 3. Nc3 dxe4 4. Nxe4 Bd7 5. Nf3 Bc6 6. Bd3 Nd7 7. 0-0 Ngf6 8. Qe2 Nxe4 9. Bxe4 Bxe4 10. Qxe4 c6 11. Bf4 Nf6 12. Qe2 Bd6 13. Ne5 0-0 14. Rfd1 Qc7 15. c4 Rad8 16. c5 Bxe5 17. Bxe5 Qd7 18. Rd3 Nd5 19. Rh3 f6 20. Bd6 Rfe8 21. Qe4 g6 22. Rd1 1/2-1/2

[Event "Rhein Main op-B 20th"]
[Site "Bad Homburg"]
[Date "2017.06.16"]
[Round "4"]
[White "Deppe, Leo Max"]
[Black "Rutsatz, Mario"]
[Result "0-1"]
[WhiteElo "1843"]
[BlackElo "1967"]
[PlyCount "80"]
[EventDate "2017.06.14"]
[EventType "swiss"]
[EventRounds "7"]
[EventCountry "GER"]
[SourceTitle "EXT 2018"]
[Source "ChessBase"]
[SourceDate "2017.10.13"]
[SourceVersion "1"]
[SourceVersionDate "2017.10.13"]
[SourceQuality "1"]

1. d4 Nf6 2. c4 c5 3. d5 b5 4. cxb5 a6 5. bxa6 g6 6. Nc3 Bxa6 7. e4 Bxf1 8. Kxf1 d6 9. g3 Bg7 10. Kg2 0-0 11. Nf3 Nbd7 12. Re1 Qb6 13. a4 Rfb8 14. Nb5 Ne8 15. Nd2 Qa6 16. Ra3 Nb6 17. b3 Qb7 18. Qc2 Nc7 19. Nxc7 Qxc7 20. a5 Nd7 21. Nc4 Ne5 22. Nb6 Ra7 23. f4 Nd7 24. Nc4 Qb7 25. Bd2 f5 26. Kh3 Nf6 27. exf5 gxf5 28. Ne3 Nxd5 29. Qxf5 Nxe3 30. Rxe3 Rf8 31. Qg5 Rf6 32. g4 Qh1 33. Kg3 Rg6 34. Qh5 Qg1+ 35. Kf3 Bd4 36. b4 Qd1+ 37. Kg3 Qxd2 38. f5 Bxe3 39. fxg6 Qf2+ 40. Kh3 Qf3+ 0-1

[Event "Hofheim Spring op-B 4th"]
[Site "Hofheim"]
[Date "2016.04.01"]
[Round "7"]
[White "Deppe, Leo Max"]
[Black "Haftmann, Rainer"]
[Result "1-0"]
[WhiteElo "1856"]
[BlackElo "1863"]
[PlyCount "57"]
[EventDate "2016.03.30"]
[EventType "swiss"]
[EventRounds "9"]
[EventCountry "GER"]
[SourceTitle "EXT 2018"]
[Source "ChessBase"]
[SourceDate "2017.10.13"]
[SourceVersion "1"]
[SourceVersionDate "2017.10.13"]
[SourceQuality "1"]

1. d4 Nf6 2. c4 e6 3. Nc3 d5 4. Bg5 Be7 5. e3 c6 6. cxd5 exd5 7. Bd3 Nbd7 8. Nge2 0-0 9. 0-0 Re8 10. Rc1 Nf8 11. Bb1 Ne4 12. Bf4 Ng6 13. Nxe4 Nxf4 14. Nxf4 dxe4 15. Bxe4 Bd6 16. Qd3 Bxf4 17. exf4 h6 18. Rc5 Qe7 19. Re5 Qd8 20. a3 Rxe5 21. fxe5 Be6 22. f4 Bd5 23. f5 Bxe4 24. Qxe4 Qb6 25. f6 Rd8 26. e6 Qxd4+ 27. Qxd4 Rxd4 28. e7 Re4 29. Kf2 1-0

[Event "Hofheim Spring op-B 4th"]
[Site "Hofheim"]
[Date "2016.04.01"]
[Round "6"]
[White "Wachsmann, Dietmar"]
[Black "Deppe, Leo Max"]
[Result "1/2-1/2"]
[WhiteElo "1845"]
[BlackElo "1856"]
[PlyCount "43"]
[EventDate "2016.03.30"]
[EventType "swiss"]
[EventRounds "9"]
[EventCountry "GER"]
[SourceTitle "EXT 2018"]
[Source "ChessBase"]
[SourceDate "2017.10.13"]
[SourceVersion "1"]
[SourceVersionDate "2017.10.13"]
[SourceQuality "1"]

1. e4 d5 2. exd5 Nf6 3. Nf3 Bg4 4. Bb5+ Nbd7 5. h3 Bh5 6. Nc3 a6 7. Be2 Nb6 8. d4 Nbxd5 9. Nxd5 Qxd5 10. c4 Qe4 11. Qa4+ c6 12. Be3 b5 13. cxb5 cxb5 14. Bxb5+ axb5 15. Qxb5+ Kd8 16. d5 Nd7 17. Nd4 Ke8 18. 0-0 g5 19. Rac1 e6 20. dxe6 fxe6 21. Qxg5 Bf7 22. f3 1/2-1/2

[Event "Heusenstamm Sparkassen op-A 2nd"]
[Site "Heusenstamm"]
[Date "2015.11.27"]
[Round "2"]
[White "Deppe, Leo Max"]
[Black "Schwarz, Matthias"]
[Result "1-0"]
[WhiteElo "1852"]
[BlackElo "1641"]
[PlyCount "55"]
[EventDate "2015.11.26"]
[EventType "swiss"]
[EventRounds "7"]
[EventCountry "GER"]
[SourceTitle "EXT 2018"]
[Source "ChessBase"]
[SourceDate "2017.10.13"]
[SourceVersion "1"]
[SourceVersionDate "2017.10.13"]
[SourceQuality "1"]

1. d4 Nf6 2. c4 e6 3. Nc3 Bb4 4. Qc2 d6 5. Bg5 Bxc3+ 6. Qxc3 Qe7 7. e3 0-0 8. Bd3 Re8 9. e4 e5 10. d5 h6 11. Bd2 Nbd7 12. b4 b6 13. Ne2 a5 14. b5 Nc5 15. Ng3 Bg4 16. h3 Bh5 17. Nf5 Qd7 18. f3 Bg6 19. g4 Nh7 20. h4 Qd8 21. 0-0-0 a4 22. Rdg1 Ra7 23. Be3 Qa8 24. Bc2 a3 25. Qd2 Na4 26. Bxh6 Nb2 27. Bxg7 Bxf5 28. gxf5 1-0

[Event "Heusenstamm Sparkassen op-A 2nd"]
[Site "Heusenstamm"]
[Date "2015.11.27"]
[Round "3"]
[White "Werner, Dimo"]
[Black "Deppe, Leo Max"]
[Result "1-0"]
[WhiteElo "2052"]
[BlackElo "1852"]
[PlyCount "45"]
[EventDate "2015.11.26"]
[EventType "swiss"]
[EventRounds "7"]
[EventCountry "GER"]
[SourceTitle "EXT 2018"]
[Source "ChessBase"]
[SourceDate "2017.10.13"]
[SourceVersion "1"]
[SourceVersionDate "2017.10.13"]
[SourceQuality "1"]

1. d4 Nf6 2. Nf3 e6 3. c4 d5 4. Nc3 Be7 5. Bg5 Nbd7 6. e3 b6 7. cxd5 exd5 8. Bb5 Bb7 9. Ne5 0-0 10. Nc6 Bxc6 11. Bxc6 Rc8 12. 0-0 h6 13. Bh4 Kh8 14. Qa4 a5 15. Rac1 Rg8 16. Bg3 Nf8 17. Nb5 Ne6 18. Qb3 Ne4 19. Qxd5 Qxd5 20. Bxd5 Nxg3 21. hxg3 Rgd8 22. Na7 Rb8 23. Bxe6 1-0

[Event "Hofheim Spring op-B 3rd"]
[Site "Hofheim"]
[Date "2015.04.10"]
[Round "6"]
[White "Deppe, Leo Max"]
[Black "Gelfenbaum, Daniel"]
[Result "1-0"]
[WhiteElo "1602"]
[BlackElo "1715"]
[PlyCount "57"]
[EventDate "2015.04.07"]
[EventType "swiss"]
[EventRounds "9"]
[EventCountry "GER"]
[SourceTitle "CBM 166 Extra"]
[Source "ChessBase"]
[SourceDate "2015.06.18"]
[SourceVersion "1"]
[SourceVersionDate "2015.06.18"]
[SourceQuality "1"]

1. d4 d5 2. c4 e6 3. Nc3 Nf6 4. cxd5 exd5 5. Bg5 Be7 6. e3 Bf5 7. Qb3 Nbd7 8. Nf3 Nb6 9. Be2 0-0 10. 0-0 Re8 11. Rac1 c6 12. Ne5 Bd6 13. Nd3 Qc7 14. h3 Ne4 15. Nxe4 dxe4 16. Nc5 Rab8 17. Bh4 h6 18. f3 Bg3 19. fxe4 Bh2+ 20. Kh1 Bxe4 21. Bh5 Bd5 22. Qd3 Rf8 23. e4 Bc4 24. Rxc4 Nxc4 25. Qxc4 Bd6 26. Rf3 Bxc5 27. dxc5 Rbe8 28. Bg3 Qd8 29. Bxf7+ 1-0

[Event "Hofheim Spring op-B 3rd"]
[Site "Hofheim"]
[Date "2015.04.10"]
[Round "7"]
[White "Engel, Jan"]
[Black "Deppe, Leo Max"]
[Result "0-1"]
[WhiteElo "1670"]
[BlackElo "1602"]
[PlyCount "96"]
[EventDate "2015.04.07"]
[EventType "swiss"]
[EventRounds "9"]
[EventCountry "GER"]
[SourceTitle "CBM 166 Extra"]
[Source "ChessBase"]
[SourceDate "2015.06.18"]
[SourceVersion "1"]
[SourceVersionDate "2015.06.18"]
[SourceQuality "1"]

1. e4 c6 2. d4 d5 3. Nd2 dxe4 4. Nxe4 Bf5 5. Ng3 Bg6 6. h4 h6 7. Nf3 Nd7 8. h5 Bh7 9. Bd3 Bxd3 10. Qxd3 e6 11. Bf4 Ngf6 12. 0-0-0 Nd5 13. Bd2 Qc7 14. Ne4 0-0-0 15. g3 f6 16. c4 Nb4 17. Qb3 Na6 18. Kb1 e5 19. dxe5 fxe5 20. Nh4 Ndc5 21. Nxc5 Bxc5 22. Ng6 Rhe8 23. Qf3 Bd4 24. Bc3 Rd6 25. Qg4+ Qd7 26. Qxd7+ Rxd7 27. f3 Bxc3 28. bxc3 e4 29. Rde1 Rd3 30. fxe4 Rxc3 31. e5 Nc5 32. Rhf1 Rxg3 33. Rf7 Rg5 34. Rxg7 Rxh5 35. Rh7 Re6 36. Nf4 Rexe5 37. Rd1 Rhg5 38. Kc2 Ref5 39. Nd3 Rg2+ 40. Kc3 Rf3 41. Kd4 Nxd3 42. Rxd3 Rxd3+ 43. Kxd3 Rh2 44. Kd4 Rxa2 45. Rxh6 Rd2+ 46. Kc5 Rd7 47. Rh1 Kc7 48. Rh5 a5 0-1